00316nam a2200121Ia 4500008004100000082001600041100002100057245004200078250001200120260004600132300000800178650000800186191201s2009 xx 000 0 und d a658.52bSHL aSHRIDHARABHAT, K 0aLogistics and Supply Chain Management aRev 2nd aN.DelhibHimalaya Publication Housec2009 a464 aMBA